| 000 | 00559nam a22002057a 4500 | ||
|---|---|---|---|
| 003 | OSt | ||
| 005 | 20160613114931.0 | ||
| 008 | 160613b xxu||||| |||| 00| 0 eng d | ||
| 020 | _a0126437327 | ||
| 040 | _cDLMN. | ||
| 082 | _aQV744S390 2004. | ||
| 100 |
_aSilverman B,Richard; _99371 |
||
| 245 | _aThe Organic Chemistry of Drug Design and Drug Action. | ||
| 250 | _a2nd ed. | ||
| 260 |
_aBoston. _bElsevier academic Press. _c2004. |
||
| 300 |
_axix,617p; _bill; _c26cm. |
||
| 504 | _aincludes index. | ||
| 650 |
_aPharmacology. _9357 |
||
| 942 |
_2z _cO_SHELF |
||
| 999 |
_c4339 _d4339 |
||